| 000 | 00551nam a2200193Ia 4500 | ||
|---|---|---|---|
| 999 |
_c35430 _d35430 |
||
| 003 | OSt | ||
| 005 | 20211218185056.0 | ||
| 008 | 160316s2009 xxu||||| |||| 00| 0 eng d | ||
| 040 | _c. | ||
| 082 |
_a343.071 NLS _bNLS |
||
| 100 | _a | ||
| 245 | _aCapacity building workshop on consumer protection | ||
| 260 |
_aBangalore _bNLSIU _c2009 |
||
| 300 | _a480 | ||
| 650 | _a1. consumer protection2. commodity rules3. food safety - standards act | ||
| 700 |
_a _a |
||
| 856 | _u http://opac.nls.ac.in:8081/xmlui/handle/123456789/932 | ||
| 942 |
_2ddc _cBK |
||